Statystyki dla Bayer 04 Leverkusen 2019/2020

Kliknij tutaj aby rozwiązać quiz!

Ogólne statystyki

  • Ten quiz został rozwiązany 103 razy
  • Średni wynik to 12 z 24

Statystyki odpowiedzi

PozycjaImię i Nazwisko% Poprawnych
PomocnikKai Havertz
90%
BramkarzLukas Hradecky
78%
NapastnikKevin Volland
78%
PomocnikLars Bender
76%
ObrońcaSven Bender
76%
ObrońcaJonathan Tah
76%
PomocnikKarim Bellarabi
71%
NapastnikLeon Bailey
65%
ObrońcaWendell
61%
NapastnikLucas Alario
49%
PomocnikKerem Demirbay
48%
PomocnikCharles Aranguiz
47%
ObrońcaMitchell Weiser
45%
PomocnikJulian Baumgartlinger
43%
BramkarzRamazan Ozcan
36%
ObrońcaAleksandar Dragovic
34%
PomocnikMoussa Diaby
32%
PomocnikNadiem Amiri
32%
NapastnikPaulinho
25%
ObrońcaPanagiotis Retsos
25%
NapastnikJoel Pohjanpalo
24%
PomocnikAdrian Stanilewicz
18%
BramkarzNiklas Lomb
16%
PomocnikDaley Sinkgraven
15%

Rozkład punktacji

Percentyl według liczby udzielonych odpowiedzi

Procent ludzi z każdym wynikiem

Twoja historia wyników

Nie rozwiązałeś tego quizu